Ảnh hưởng của biện pháp luân canh và quản lý nước đến một số đặc tính đất và cân bằng NPK trên đất phèn nhẹ trồng lúa : Luận án tiến sĩ nông nghiệp chuyên ngành đất và dinh dưỡng cây trồng

Đề tài được thực hiện nhằm khảo sát: (1) ảnh hưởng của việc luân canh với cây trồng cạn và quản lý nước đến một số đặc điểm tính đất phèn nhẹ trồng lúa; (2) hoạt động cố định đạm tự do và khả năng bốc hơi amoniac đến sự du nhập...

Szczegółowa specyfikacja

Zapisane w:
Opis bibliograficzny
1. autor: Trần, Quang Giàu
Format: Książka
Język:Undetermined
Wydane: Cần Thơ Trường Đại học Cần Thơ 2011
Hasła przedmiotowe:
Etykiety: Dodaj etykietę
Nie ma etykietki, Dołącz pierwszą etykiete!
Thư viện lưu trữ: Trung tâm Học liệu Trường Đại học Cần Thơ
LEADER 01517nam a2200217Ia 4500
001 CTU_173722
008 210402s9999 xx 000 0 und d
082 |a 631.42 
082 |b Gi111 
088 |a 62621501 
100 |a Trần, Quang Giàu 
245 0 |a Ảnh hưởng của biện pháp luân canh và quản lý nước đến một số đặc tính đất và cân bằng NPK trên đất phèn nhẹ trồng lúa : 
245 0 |b Luận án tiến sĩ nông nghiệp chuyên ngành đất và dinh dưỡng cây trồng 
245 0 |c Trần Quang Giàu ; Ngô Ngọc Hưng, Phạm Sỹ Tân (Hướng dẫn khoa học) 
260 |a Cần Thơ 
260 |b Trường Đại học Cần Thơ 
260 |c 2011 
520 |a Đề tài được thực hiện nhằm khảo sát: (1) ảnh hưởng của việc luân canh với cây trồng cạn và quản lý nước đến một số đặc điểm tính đất phèn nhẹ trồng lúa; (2) hoạt động cố định đạm tự do và khả năng bốc hơi amoniac đến sự du nhập và mất đạm trong ruộng lúa; và cân bằng dưỡng chất NPK trên đất lúa với 2 hệ thống độc canh lúa và luân canh. 
650 |a Sodic soils,Đất phèn 
904 |i thúy phựơng,Hải 
980 |a Trung tâm Học liệu Trường Đại học Cần Thơ